|
|
|
|
| LEADER |
00000nas a2200000 a 4500 |
| 001 |
ssj0015961 |
| 003 |
WaSeSS |
| 005 |
20200512172242.0 |
| 006 |
m d |
| 007 |
cr n |
| 008 |
921103d19922003txufr p s 0 a0eng c |
| 010 |
|
|
|a 93645762
|
| 016 |
7 |
|
|a 010511615
|2 Uk
|
| 016 |
|
|
|a (AMICUS)000012366231
|
| 022 |
|
|
|l 1556-4223
|y 1556-4223
|
| 035 |
|
|
|a (WaSeSS)ssj0015961
|
| 040 |
|
|
|a TAI
|b eng
|c TAI
|d DLC
|d NSD
|d OCLCQ
|d UKMGB
|d OCLCF
|d OCLCO
|d NLC
|d OCLCQ
|d WaSeSS
|
| 042 |
|
|
|a pcc
|a nsdp
|
| 050 |
0 |
0 |
|a BF637.C6
|b T46a
|
| 082 |
0 |
0 |
|a 158/.3/05
|2 19
|
| 222 |
|
0 |
|a TCA journal
|
| 245 |
0 |
0 |
|a TCA journal
|h [electronic resource].
|
| 260 |
|
|
|a Austin, Tex. :
|b Texas Counseling Association,
|c 1992-
|
| 310 |
|
|
|a Semiannual
|
| 362 |
0 |
|
|a Vol. 20, no. 2 (fall 1992)-
|
| 362 |
1 |
|
|a Ceased in 2003.
|
| 500 |
|
|
|a Title from cover.
|
| 506 |
|
|
|a License restrictions may limit access.
|
| 650 |
|
0 |
|a Counseling
|v Periodicals.
|
| 650 |
|
0 |
|a Educational counseling
|v Periodicals.
|
| 650 |
|
7 |
|a Counseling.
|2 fast
|0 (OCoLC)fst00881212
|
| 650 |
|
7 |
|a Educational counseling.
|2 fast
|0 (OCoLC)fst00903395
|
| 655 |
|
0 |
|a Electronic journals.
|
| 710 |
2 |
|
|a Texas Counseling Association.
|
| 780 |
0 |
0 |
|t TACD journal
|x 1046-171X
|w (DLC) 88641403
|w (OCoLC)11160800
|
| 785 |
0 |
0 |
|t Journal of professional counseling, practice, theory, & research
|x 1556-6382
|w (DLC) 2005205756
|w (OCoLC)55891574
|
| 850 |
|
|
|a DLC
|
| 856 |
4 |
0 |
|z Full text available from Research Library: 04/01/1998 to 2003
|u https://search.proquest.com/publication/21999
|